| 000 | 00649nam a2200205 i 4500 | ||
|---|---|---|---|
| 001 | bg | ||
| 245 | 0 | 0 |
_aDobra osobiste : _bzbiór orzeczeń Sądu Apelacyjnego w Krakowie / _coprac. Bogusław Gawlik. |
| 260 |
_aKraków : _b"Zakamycze", _c1999. |
||
| 300 |
_a378 s. ; _c21 cm. |
||
| 650 | 9 |
_aDobra osobiste _xochrona _xprawo _zPolska _ystan na 1999 r. |
|
| 650 | 9 |
_aOrzecznictwo cywilne _zPolska _yod 1989 r. |
|
| 700 | 1 |
_aGAWLIK, Bogusław _d(1942- ). _eOprac. |
|
| 020 | _a8388114034 | ||
| 040 | _cBPK | ||
| 041 | 0 | _apl | |
| 080 | _a342.72/.73:347.95](438) | ||
| 920 | _a83-88114-03-4 | ||
| 942 | _cKS | ||
| 008 | s pl f |000 0 pol | ||
| 999 |
_c36132 _d36132 |
||
| 856 |
_uhttp://koha.tu.koszalin.pl/cgi-bin/koha/opac-detail.pl?biblionumber=36132 _yKatalog online BPK |
||